Tygři opět na nohou
Nástup oživenia ekonomík v juhovýchodnej Ázii. Aspekty vplývajúce na oživenie. Makroekonomická politika východoázijských krajín.
Gespeichert in:
| Format: | Buchkapitel |
|---|---|
| Sprache: | Tschechisch |
| Schlagworte: | |
| Tags: |
Keine Tags, Fügen Sie das erste Tag hinzu!
|
MARC
| LEADER | 00000naa a2200000 4500 | ||
|---|---|---|---|
| 001 | r036174 | ||
| 005 | 20230920100224.7 | ||
| 041 | 0 | |a cze | |
| 044 | |a CZ | ||
| 245 | 1 | 0 | |a Tygři opět na nohou |
| 520 | |a Nástup oživenia ekonomík v juhovýchodnej Ázii. Aspekty vplývajúce na oživenie. Makroekonomická politika východoázijských krajín. | ||
| 610 | 2 | 0 | |a Ázia |
| 610 | 2 | 0 | |a makroekonomika |
| 610 | 2 | 0 | |a recesia |
| 610 | 2 | 0 | |a reformy |
| 610 | 2 | 0 | |a globalizácia |
| 610 | 2 | 0 | |a kríza hospodárska |
| 610 | 2 | 0 | |a Indonézia |
| 610 | 2 | 0 | |a Singapur |
| 610 | 2 | 0 | |a Filipíny |
| 610 | 2 | 0 | |a Thajsko |
| 610 | 2 | 0 | |a Južná Kórea |